Mario Party Characters - Statistics

General Stats
  • This quiz has been taken 605 times
  • The average score is 19 of 24
Answer Stats
Party Character % Correct
Mario Party Luigi
99%
Mario Party Mario
99%
Mario Party Peach
98%
Mario Party 3 Daisy
96%
Mario Party 10 Bowser
95%
Mario Party Wario
95%
Mario Party 3 Waluigi
94%
Mario Party Yoshi
94%
Mario Party Donkey Kong
92%
Mario Party 5 Toad
92%
Mario Party 9 Koopa
88%
Mario Party Island Tour Bowser Jr.
83%
Mario Party 6 Toadette
83%
Mario Party 7 Birdo
81%
Mario Party 10 Rosalina
79%
Mario Party 5 Boo
76%
Mario Party 7 Dry Bones
74%
Mario Party Star Rush Diddy Kong
73%
Mario Party 9 Shy Guy
70%
Mario Party 8 Hammer Bro
58%
Mario Party 8 Blooper
52%
Mario Party 10 Spike
44%
Mario Party 9 Magikoopa
43%
Mario Party 5 Koopa Kid
39%
No matching quizzes found
Score Distribution
Percent of People with Each Score
Percentile by Number Answered
Your Score History
You have not taken this quiz